007000000a220013300045001000019000002450053000193000043000725200286001156500027004017730023004289420008004519520090004599990017005491 aPiedra, Arturo10aEl valor de la historia en la vida de la iglesia aVol.5, núm.2 (1985), Páginas 23-34 aI. Introducción, II. Importancia de la historia, III. Función política de la historia, IV. Historia de la iglesia, V. Importancia de la historia de la iglesia, VI. Historia del protestantismo latinoamericano, VII. Aspectos que impiden una conciencia histórica, Conclusión14aHISTORIA DE LA IGLESIA0 tVida y Pensamiento cANA 001040708HEMaFUSBCbFUSBCd2016-01-26l0o r2016-01-26 00:00:00w2016-01-26yANA c62699d62699